000 00555nam a2200181Ia 4500
008 100921s9999 xx 000 0 und d
082 _b8499
_a820 थ 39
100 _aSalter ARthur.
245 _aThe Dual Policy.
260 _bऑक्सफर्ड युनिव्हरसीटी प्रेस ,लंडन.
_c1939
300 _a32
_b---
365 _b0
520 _aललित इंग्रजी.
630 _aThe Dual Policy.
650 _aललित इंग्रजी.
730 _aThe Dual Policy.
942 _cBOOK
999 _c757612
_d757609